01038nam a2200229 a 4500008004100000020001500041050001300056100002700069245010600096260004000202300001700242350000900259500011700268650005800385650005600443650001100499650005900510700001700569995008600586999001700672952011900689120416s2005 ||||||||||||||||| || u a0821357948 aIBRD(02) aMaimbo, Samuel Munzele10aRemittances: development impact and future prospectscedited by Samuel Munzele Maimbo and Dilip Ratha aWashington, D. C.bWorld Bankc2005 a378p. : ill. a0.00 aProceedings of a 2003 conference organized by the Department for International Development, IMF, and World Bank. aDEVELOPING COUNTRIES--ECONOMIC CONDITIONS--CONGRESSES aTRANSFER PAYMENTS--DEVELOPING COUNTRIES--CONGRESSES aLABOUR aEMIGRANT REMITTANCES--DEVELOPING COUNTRIES--CONGRESSES aRatha, Dilip D0.00FCBU-MAIN LIBRARY (Kitwe)H1I0.00M1UAVAILABLEZInternational Publications c56044d56044 00102lcc4070a001b001cInternational Publicationsd2022-11-30l0oIBRD(02)p55877r2022-11-30w2022-11-30y002